000 00624nam a2200205Ia 4500
003 GCL
008 140319s9999 xx 000 0 ara d
040 _aGCL /
_cGCL
082 0 4 _a301.412
_bع م
100 1 _aعادل رفقى عوض
245 1 0 _aالمرأة وحماية البيئة /
_cعادل رفقى عوض
300 _a203 ص
490 _aالهيئة العامة للاستعلامات
_v0
650 0 4 _aالمرأة
650 0 4 _aالمرأة العاملة
650 0 4 _aالبيئة والانسان
650 0 4 _aحقوق المرأة
650 0 4 _aرعاية اجتماعية
942 _2ddc
_cBK
999 _c48266
_d48266